| 000 | 00673cam a22002291 4500 | ||
|---|---|---|---|
| 001 | sa 65001822 | ||
| 003 | DLC | ||
| 005 | 20260227112112.0 | ||
| 008 | 840628s1964 ii 000 0 hino | ||
| 010 | _asa 65001822 | ||
| 025 | _aPL480:I-H-1822 | ||
| 035 | _a(OCoLC)21727570 | ||
| 040 |
_aDLC _cCU _dDLC |
||
| 042 | _apremarc | ||
| 050 | 0 | 0 |
_aPK2098.P7 _bZ94 |
| 100 | 1 | _aVarmā, Satyakāma | |
| 245 | 1 | 0 |
_aMahākavi Prasada. _bLekhaka Satyakāma Varmā. |
| 260 |
_aNaī Dillī, _bBhāratīya Prakāśana; [vitaraka: _bSāhitya Pratishṭhāna, _aĀgarā, _c1964] |
||
| 300 |
_a2, 136 p. _c19 cm. |
||
| 500 | _aIn Hindi. | ||
| 600 | 1 | 0 |
_aPrasad, Jai Shankar, _d1889-1937. |
| 999 |
_c62257 _d62257 |
||